Willmott Dixon v Prater and others (Record no. 121942)
[ view plain ]
| 000 -LEADER | |
|---|---|
| fixed length control field | 01311naa a22001817a 4500 |
| 007 - PHYSICAL DESCRIPTION FIXED FIELD--GENERAL INFORMATION | |
| fixed length control field | t| |
| 008 - FIXED-LENGTH DATA ELEMENTS--GENERAL INFORMATION | |
| fixed length control field | 240530e20240321xxk||||os||||o00| 0 eng d |
| 041 ## - LANGUAGE CODE | |
| Language code of text/sound track or separate title | eng |
| 245 ## - TITLE STATEMENT | |
| Title | Willmott Dixon v Prater and others |
| 260 ## - PUBLICATION INFORMATION | |
| Place of publication | [2024] EWHC 1190 (TCC) |
| Publisher | Technology and Construction Court |
| Date | 21 March 2024 |
| 520 ## - ABSTRACT | |
| Abstract | On 21 March 2024, Mrs Justice Jefford delivered an ex tempore Judgment in the Technology and Construction Court on an application brought by various Lindner Group companies regarding Part 20 claims brought by AECOM Infrastructure & Environment UK Ltd (“AECOM”) for Building Liability Orders under the Building Safety Act 2022. the Judge dismissed the Lindner Group companies’ application seeking to separate out and stay the BLO claims until after judgment on the main claim. In rejecting the application, the Judge raised several points of interest around BLOs, described as a “relatively new creation” with little, if any, guidance.<br/><br/> |
| 650 ## - KEYWORDS | |
| Keywords | BUILDING SAFETY ACT 2022 |
| 650 ## - KEYWORDS | |
| Keywords | BUILDING LIABILITY ORDERS |
| 650 ## - KEYWORDS | |
| Keywords | JUDGMENT |
| 651 ## - SUBJECT ADDED ENTRY--GEOGRAPHIC NAME | |
| Geographic name | United Kingdom |
| 856 ## - ONLINE RESOURCE | |
| Uniform Resource Identifier | https://www.bailii.org/ew/cases/EWHC/TCC/2024/1190.html |
| Public note | Available from BAILII |
| 856 ## - ONLINE RESOURCE | |
| Uniform Resource Identifier | https://www.lexology.com/library/detail.aspx?g=34927ed3-2870-4be5-bcc4-238d2c647d9d |
| Public note | Commentary from Lexology |
| Withdrawn status | Lost status | Damaged status | Koha normalized classification for sorting | Not for loan | Home library | Current library | Shelving location | Date acquired | Total Checkouts | Full call number | Date last seen | Price effective from | Koha item type |
|---|---|---|---|---|---|---|---|---|---|---|---|---|---|
| ONLINE_JUDGMENT | Virtual | Virtual | Online | 30/05/2024 | ONLINE JUDGMENT | 30/05/2024 | 30/05/2024 | Law report |